Patología quirúrgica (Record no. 178490)

MARC details
000 -LEADER
campo de control de longitud fija 01144nam a2200313 i 4500
001 - NÚMERO DE CONTROL
campo de control 178490
003 - IDENTIFICADOR DE NÚMERO DE CONTROL
campo de control ES-MaACL
005 - FECHA Y HORA DE LA ÚLTIMA TRANSACCIÓN
campo de control 20230906220537.0
008 - DATOS DE LONGITUD FIJA--INFORMACIÓN GENERAL
campo de control de longitud fija 110603s1986 sp ao |||| | spa d
020 ## - NÚMERO INTERNACIONAL ESTÁNDAR DEL LIBRO
Número Internacional Estándar del Libro 84-86152-17-8
080 ## - NÚMERO DE LA CLASIFICACIÓN DECIMAL UNIVERSAL
Número de la Clasificación Decimal Universal 617.54(075.8)
080 ## - NÚMERO DE LA CLASIFICACIÓN DECIMAL UNIVERSAL
Número de la Clasificación Decimal Universal 616.4:617(075.8)
080 ## - NÚMERO DE LA CLASIFICACIÓN DECIMAL UNIVERSAL
Número de la Clasificación Decimal Universal 618.19:617(075.8)
245 00 - MENCIÓN DEL TÍTULO
Título Patología quirúrgica
Resto del título : (tórax, endocrino y mama) /
Mención de responsabilidad, etc. [cirugía torácica, J. L. Martín de Nicolás Sérrahima, cirugía endocrina, J. A. de Diego Carmona, cirugía de la mama, Luis Molina Triguero].
260 ## - PUBLICACIÓN, DISTRIBUCIÓN, ETC.
Lugar de publicación, distribución, etc. Madrid :
Nombre del editor, distribuidor, etc. Luzán 5,
Fecha de publicación, distribución, etc. D. L. 1986.
300 ## - DESCRIPCIÓN FÍSICA
Extensión 322 p. :
Otras características físicas il. ;
Dimensiones 24 cm.
490 1# - MENCIÓN DE SERIE
Mención de serie Pregrado quirúrgico ;
Designación de volumen o secuencia 4
500 ## - NOTA GENERAL
Nota general Incluye test al final.
504 ## - NOTA DE BIBLIOGRAFÍA, ETC.
Nota de bibliografía, etc. Bibliografía.
650 #4 - PUNTO DE ACCESO ADICIONAL DE MATERIA--TÉRMINO DE MATERIA
Término de materia o nombre geográfico como elemento de entrada Tórax-
Subdivisión general Cirugía.
9 (RLIN) 161633
650 #4 - PUNTO DE ACCESO ADICIONAL DE MATERIA--TÉRMINO DE MATERIA
Término de materia o nombre geográfico como elemento de entrada Endocrinología.
9 (RLIN) 144424
650 #4 - PUNTO DE ACCESO ADICIONAL DE MATERIA--TÉRMINO DE MATERIA
Término de materia o nombre geográfico como elemento de entrada Mamas-
Subdivisión general Cirugía.
9 (RLIN) 161634
700 1# - ENTRADA AGREGADA--NOMBRE PERSONAL
Nombre de persona Diego Carmona, José A. de.
9 (RLIN) 146900
700 1# - ENTRADA AGREGADA--NOMBRE PERSONAL
Nombre de persona Molina Triguero, Luis.
9 (RLIN) 146906
700 1# - ENTRADA AGREGADA--NOMBRE PERSONAL
Nombre de persona Martín de Nicolás Sérrahima, J. L.
9 (RLIN) 146904
830 0# - PUNTO DE ACCESO ADICIONAL DE SERIE-TÍTULO UNIFORME
Título uniforme Pregrado quirúrgico ;
Designación de volumen o secuencia 4
9 (RLIN) 190997
852 ## - LOCALIZACIÓN
Ubicación ES-MaACL
Número de control de estantería E-15239
Encuadernación Olim P-600
Holdings
Estatus retirado Estado de pérdida Estado de daño No para préstamo Biblioteca de origen Biblioteca actual Ubicación en estantería Fecha de adquisición Fuente de adquisición Total de préstamos Signatura topográfica completa Código de barras Visto por última vez Precio de reemplazo Tipo de ítem Koha
        Biblioteca del Ateneo de Madrid Biblioteca del Ateneo de Madrid Depósito 2 03/06/2011     E-15239 1187493 23/02/2023 23/02/2023 Libro impreso